| 000 | 00419nam a2200145Ia 4500 | ||
|---|---|---|---|
| 008 | 230917s9999||||xx |||||||||||||| ||und|| | ||
| 040 |
_e8862 _aMAIN |
||
| 041 | _aEnglish | ||
| 082 | _a327.51 D14C | ||
| 100 | _aDai, Shen-Yu | ||
| 245 | 0 | _aChina, the superpowers and the third world: A hand book on comparative world politics | |
| 260 |
_aHong Kong _bChinese University _c1974 |
||
| 300 | _axxv, 420 p. | ||
| 942 | _cBK | ||
| 999 |
_c201452 _d201452 |
||